Нормативное регулирование в системе управления научной деятельностью^ вопросы теории

Бібліографічні деталі
Автор: Баркан Д. И. Давид Иосифович
Мова:Російська
Опубліковано: Ленинград, Изд-во ЛГУ, 1987
Предмети:
Формат: MixedMaterials Книга
KOHA link:https://koha.lib.tpu.ru/cgi-bin/koha/opac-detail.pl?biblionumber=268886

MARC

LEADER 00000nam0a2200000 4500
001 268886
005 20231031224311.0
020 |a RU  |b 87-2378 
035 |a (RuTPU)RU\TPU\book\292042 
090 |a 268886 
100 |a 20140910d1987 k y0rusy5003 ca 
101 0 |a rus 
102 |a RU 
105 |a y z 001zy 
200 1 |a Нормативное регулирование в системе управления научной деятельностью^ вопросы теории  |f Д. И. Баркан 
210 |a Ленинград  |c Изд-во ЛГУ  |d 1987 
215 |a 156 с. 
320 |a Библиогр.: с. 151-157 (157 назв.) 
606 1 |a Научно-исследовательская работа  |2 stltpush  |3 (RuTPU)RU\TPU\subj\45140 
610 1 |a управление 
610 1 |a экономика 
610 1 |a опытно-конструкторские работы 
610 1 |a динамические системы 
610 1 |a нормативы 
686 |a Ч215  |v LBC/SL-A  |2 rubbk 
700 1 |a Баркан  |b Д. И.  |g Давид Иосифович  |4 070 
801 0 |a RU  |b RuMRKP  |c 19950417  |g psbo 
801 1 |a RU  |b 63413507  |c 20140910 
801 2 |a RU  |b 63413507  |c 20170221  |g RCR 
942 |c BK